| 000 | 00808nam a2200229 a 4500 | ||
|---|---|---|---|
| 001 | 21869 | ||
| 003 | CO-ViMGA | ||
| 008 | 141112s2004 ck r 000 u spa d | ||
| 020 | _a8439821298 | ||
| 040 |
_aCO-ViMGA _bspa _cCO-ViMGA |
||
| 082 | 0 | 4 | _a972.85 D321n |
| 100 | 1 |
_aDecamilli, Jose Leopoldo _931219 |
|
| 245 | 1 | 0 | _aNicaragua, el calvario de un pueblo |
| 260 |
_aBerlín : _bCirculo cultural germano - iberoAméricano, _c1984 |
||
| 300 | _a326 | ||
| 490 | _aCuadernos de estudios de problemas de latinoAmérica | ||
| 590 | _aForma de adquisición : Donación - - Precio : 15000 - - Fecha de adquisición : Julio 2007 | ||
| 650 | 1 | 4 |
_aNICARAGUA - CONDICIONES SOCIOECONOMICAS _931220 |
| 650 | 1 | 4 |
_aNICARAGUA - Política Y GOBIERNO _931221 |
| 650 | 1 | 4 |
_aSANDINISMO - NICARAGUA _931222 |
| 942 |
_2ddc _cBK |
||
| 999 |
_c30413 _d30413 |
||